000 00600nam a2200253Ia 4500
005 20260121161023.0
008 008 260114s9999 xx 000 0 eng d
020 _a9781315614625
037 _aEBOOK
040 _aCRL
040 _beng
040 _cCRL
041 _2eng
041 _aeng
084 _qCRL
100 _a Patrick Healy
_91039217
245 4 _aThe Chronicle of Hugh of Flavigny
260 _bTaylor and Francis
260 _c2007
856 _uhttp://www.taylorfrancis.com/books/9781315614625
942 _cEBOOK
999 _c1606033
_d1606033